[Event "Andalucia-ch U12"]
[Site "Islantilla"]
[Date "2012.04.13"]
[Round "1"]
[White "Rubio Guzman, Andrea"]
[Black "Gazquez Corral, Alba"]
[Result "0-1"]
[WhiteElo "1120"]
[BlackElo "1604"]
[PlyCount "64"]
[EventDate "2012.04.13"]
[EventType "swiss"]
[EventRounds "9"]
[EventCountry "ESP"]
[SourceTitle "CBM 148 Extra"]
[Source "ChessBase"]
[SourceDate "2012.06.22"]
[SourceVersion "1"]
[SourceVersionDate "2012.06.22"]
[SourceQuality "1"]

1. e4 e5 2. Bc4 Nf6 3. Nf3 Nxe4 4. Nxe5 d5 5. Bb5+ c6 6. d3 Nxf2 7. Kxf2 Qb6+ 8. Ke1 Qxb5 9. Qf3 Be6 10. Nc3 Qb6 11. Qf2 Qxf2+ 12. Kxf2 Bc5+ 13. Ke1 Bd4 14. Nf3 Bxc3+ 15. bxc3 0-0 16. Ba3 Re8 17. Rd1 Bg4+ 18. Kf2 Bxf3 19. gxf3 Nd7 20. Rhe1 Nf6 21. Rg1 Re6 22. Rde1 Rae8 23. f4 Ng4+ 24. Rxg4 Rxe1 25. f5 R1e2+ 26. Kf1 Rxc2 27. Ra4 Ree2 28. Rxa7 h6 29. h4 Rh2 30. Ra8+ Kh7 31. Kg1 Rhd2 32. Kf1 Rd1# 0-1